Para-medicals training in India (Record no. 494099)

000 -LEADER
fixed length control field 00540cam a22001217a 4500
008 - FIXED-LENGTH DATA ELEMENTS--GENERAL INFORMATION
fixed length control field 180718b-- xxu||||| |||| 00| 0 eng d
082 ## - DEWEY DECIMAL CLASSIFICATION NUMBER
Classification number O221x54 In2/1
245 ## - TITLE STATEMENT
Title Para-medicals training in India
Statement of responsibility, etc. by Central Bureau of Health Intelligence, Ministry of Health and Family Welfare
260 ## - PUBLICATION, DISTRIBUTION, ETC.
Place of publication, distribution, etc. New Delhi
Name of publisher, distributor, etc. The Manager, Government of India Press
Date of publication, distribution, etc. --
300 ## - PHYSICAL DESCRIPTION
Extent --
500 ## - GENERAL NOTE
General note Library has 1986 ( v.I and v.II ),1987 ( v.1 ), 1988 ( v.I ) and 1991
700 ## - ADDED ENTRY--PERSONAL NAME
Personal name India.Ministry of Health and Family Welfare, Central Bureau of Health Intelligence
Holdings
Withdrawn status Lost status Damaged status Not for loan Permanent Location Current Location Date acquired Full call number Barcode Date last seen Price effective from Koha item type
        Indian Institute of Public Administration Indian Institute of Public Administration 2018-08-04 O221x54 In2/1 GG20920 2018-08-04 2018-08-04 GG
        Indian Institute of Public Administration Indian Institute of Public Administration 2018-08-04 O221x54 In2/1 GG20766 2018-08-04 2018-08-04 GG
        Indian Institute of Public Administration Indian Institute of Public Administration 2018-08-04 O221x54 In2/1 GG20765 2018-08-04 2018-08-04 GG
        Indian Institute of Public Administration Indian Institute of Public Administration 2018-08-04 O221x54 In2/1 GG20439 2018-08-04 2018-08-04 GG

Powered by Koha